00694nam a2200229 a 4500001001300000003000900013005001700022008004100039020000900080082001500089100002800104245005200132260003900184300000800223500003500231650002200266700002800288902000800316942000700324952011600331999001700447nice12345678IN_TiNIC20260116015344.0100421s1982 newa grp 000 0 eng  ac2500a808.4bRAO aRao, Vemaraju Narasimha aLighter Side Upb (recollections & Reflections) aNew Delhi bYMCA Pubs.House c1982 a46p aincludes index and biblioraphy aEssays-Collection1 aRao, Vemaraju Narasimha bSRS cBK 001040708StackRoom-aHMIbHMId2010-04-27g25.00l0o808.4 RAOp11002163r2010-04-27v25.00w2010-04-21yBK c19366d19366